Survey of current business

Gespeichert in:
Bibliographische Detailangaben
Format: Schriftenreihe
Sprache:Englisch
Veröffentlicht: Washington U.S. Department of Commerce 2000
Schlagworte:
Tags: Tag hinzufügen
Keine Tags, Fügen Sie das erste Tag hinzu!

MARC

LEADER 00000nas2a2200000 4500
001 s124877
005 20221221071721.3
041 0 |a eng 
044 |a US 
245 1 0 |a Survey of current business 
264 1 |a Washington  |b U.S. Department of Commerce  |c 2000 
300 |a 2 zv. 
500 |a chýba č. 7 
773 0 |w eu_un_cat*s122569 
610 2 0 |a vývoj hospodársky 
610 2 0 |a USA 
610 2 0 |a ukazovatele ekonomické